<?xml version="1.0" encoding="UTF-8"?>
<record
    xmlns:xsi="http://www.w3.org/2001/XMLSchema-instance"
    xsi:schemaLocation="http://www.loc.gov/MARC21/slim http://www.loc.gov/standards/marcxml/schema/MARC21slim.xsd"
    xmlns="http://www.loc.gov/MARC21/slim">

  <leader>01547na  a2200349   4500</leader>
  <controlfield tag="001">14951</controlfield>
  <controlfield tag="003">MIRAKIL</controlfield>
  <controlfield tag="005">20181213155110.0</controlfield>
  <controlfield tag="008">160920b        tu            000 0      </controlfield>
  <datafield tag="020" ind1=" " ind2=" ">
    <subfield code="a">9751923727</subfield>
  </datafield>
  <datafield tag="035" ind1=" " ind2=" ">
    <subfield code="a">14951</subfield>
  </datafield>
  <datafield tag="040" ind1=" " ind2=" ">
    <subfield code="a">Milas</subfield>
    <subfield code="b">tur</subfield>
    <subfield code="c">TR-AnCHP</subfield>
  </datafield>
  <datafield tag="041" ind1=" " ind2=" ">
    <subfield code="a">tur</subfield>
    <subfield code="a">eng</subfield>
  </datafield>
  <datafield tag="082" ind1=" " ind2=" ">
    <subfield code="a">324.9 1999 &#x130;LLER</subfield>
    <subfield code="b">T95m 2000</subfield>
  </datafield>
  <datafield tag="090" ind1=" " ind2=" ">
    <subfield code="a">324.9 1999 &#x130;LLER T95m 2000</subfield>
  </datafield>
  <datafield tag="110" ind1=" " ind2=" ">
    <subfield code="a">T&#xFC;rkiye &#x130;statistik Kurumu (T&#xDC;&#x130;K)</subfield>
  </datafield>
  <datafield tag="222" ind1=" " ind2=" ">
    <subfield code="a">Milletvekili genel se&#xE7;im sonu&#xE7;lar&#x131;</subfield>
  </datafield>
  <datafield tag="245" ind1=" " ind2=" ">
    <subfield code="a">Milletvekili genel se&#xE7;imi sonu&#xE7;lar&#x131;</subfield>
    <subfield code="b">18.04.1999 = Results of general elections of representatives</subfield>
    <subfield code="c">Devlet &#x130;statistik Enstit&#xFC;s&#xFC; (D&#x130;E)</subfield>
  </datafield>
  <datafield tag="246" ind1=" " ind2=" ">
    <subfield code="a">1999 genel se&#xE7;imleri</subfield>
  </datafield>
  <datafield tag="246" ind1=" " ind2=" ">
    <subfield code="a">1999 Results of general elections of representatives</subfield>
  </datafield>
  <datafield tag="260" ind1=" " ind2=" ">
    <subfield code="a">Ankara</subfield>
    <subfield code="b">Devlet &#x130;statistik Enstit&#xFC;s&#xFC; (D&#x130;E)</subfield>
    <subfield code="c">2000</subfield>
  </datafield>
  <datafield tag="300" ind1=" " ind2=" ">
    <subfield code="a">8c.</subfield>
    <subfield code="b">tbl.</subfield>
    <subfield code="c">30 sm.</subfield>
  </datafield>
  <datafield tag="490" ind1=" " ind2=" ">
    <subfield code="a">Devlet &#x130;statistik Enstit&#xFC;s&#xFC;</subfield>
    <subfield code="v">2387</subfield>
  </datafield>
  <datafield tag="500" ind1=" " ind2=" ">
    <subfield code="a">Bu kitaplar&#x131;n elektronik versiyonlar&#x131;na TU&#x130;K sayfas&#x131;ndan eri&#x15F;ilebilir.</subfield>
  </datafield>
  <datafield tag="505" ind1=" " ind2=" ">
    <subfield code="a">c.1.01 Adana-07 Antalya -- c.2. 08 Artvin - 20 Denizli -- c.3. 21 Diyarbak&#x131;r - 33 &#x130;&#xE7;el -- c.4. 34 &#x130;stanbul -- c.5. 35 &#x130;zmir - 41 Kocaeli -- c.6. 42 Konya - 51 Ni&#x11F;de -- c.7. 52 Ordu - 62 Tunceli -- c.8. 63 &#x15E;anl&#x131;urfa - 80 Osmaniye</subfield>
  </datafield>
  <datafield tag="546" ind1=" " ind2=" ">
    <subfield code="a">Metinler T&#xFC;rk&#xE7;e-&#x130;ngilizce kar&#x15F;&#x131;l&#x131;kl&#x131;d&#x131;r.</subfield>
  </datafield>
  <datafield tag="650" ind1=" " ind2=" ">
    <subfield code="a">Se&#xE7;imler</subfield>
    <subfield code="y">&#x130;statistikler</subfield>
    <subfield code="z">T&#xFC;rkiye</subfield>
  </datafield>
  <datafield tag="650" ind1=" " ind2=" ">
    <subfield code="a">TBMM</subfield>
    <subfield code="x">20. D&#xF6;nem</subfield>
    <subfield code="y">1999-2002</subfield>
  </datafield>
  <datafield tag="650" ind1=" " ind2=" ">
    <subfield code="a">Siyasal partiler</subfield>
    <subfield code="x">1999-2002</subfield>
    <subfield code="z">T&#xFC;rkiye</subfield>
  </datafield>
  <datafield tag="651" ind1=" " ind2=" ">
    <subfield code="a">T&#xFC;rkiye</subfield>
    <subfield code="x">Genel se&#xE7;imler, 1999</subfield>
    <subfield code="y">&#x130;statistikler</subfield>
  </datafield>
  <datafield tag="942" ind1=" " ind2=" ">
    <subfield code="2">ddc</subfield>
    <subfield code="c">BKS</subfield>
  </datafield>
  <datafield tag="952" ind1=" " ind2=" ">
    <subfield code="a">0001</subfield>
    <subfield code="b">0001</subfield>
    <subfield code="d">2016-09-02</subfield>
    <subfield code="e">2</subfield>
    <subfield code="h">c.2</subfield>
    <subfield code="l">0</subfield>
    <subfield code="o">324.9 1999 &#x130;LLER T95m 2000</subfield>
    <subfield code="p">003589</subfield>
    <subfield code="r">2016-09-02 00:00:00</subfield>
    <subfield code="v">0.00</subfield>
    <subfield code="w">2016-09-02</subfield>
    <subfield code="y">BKS</subfield>
  </datafield>
  <datafield tag="952" ind1=" " ind2=" ">
    <subfield code="a">0001</subfield>
    <subfield code="b">0001</subfield>
    <subfield code="d">2016-09-02</subfield>
    <subfield code="e">2</subfield>
    <subfield code="l">0</subfield>
    <subfield code="o">324.9 1999 &#x130;LLER T95m 2000</subfield>
    <subfield code="p">003590</subfield>
    <subfield code="r">2016-09-02 00:00:00</subfield>
    <subfield code="t">k.2</subfield>
    <subfield code="v">0.00</subfield>
    <subfield code="w">2016-09-02</subfield>
    <subfield code="y">BKS</subfield>
  </datafield>
  <datafield tag="952" ind1=" " ind2=" ">
    <subfield code="a">0001</subfield>
    <subfield code="b">0001</subfield>
    <subfield code="d">2016-09-02</subfield>
    <subfield code="e">2</subfield>
    <subfield code="l">0</subfield>
    <subfield code="o">324.9 1999 &#x130;LLER T95m 2000</subfield>
    <subfield code="p">003591</subfield>
    <subfield code="r">2016-09-02 00:00:00</subfield>
    <subfield code="v">0.00</subfield>
    <subfield code="w">2016-09-02</subfield>
    <subfield code="y">BKS</subfield>
  </datafield>
  <datafield tag="952" ind1=" " ind2=" ">
    <subfield code="a">0001</subfield>
    <subfield code="b">0001</subfield>
    <subfield code="d">2016-09-02</subfield>
    <subfield code="e">2</subfield>
    <subfield code="h">c.2</subfield>
    <subfield code="l">0</subfield>
    <subfield code="o">324.9 1999 &#x130;LLER T95m 2000</subfield>
    <subfield code="p">003592</subfield>
    <subfield code="r">2016-09-02 00:00:00</subfield>
    <subfield code="t">k.2</subfield>
    <subfield code="v">0.00</subfield>
    <subfield code="w">2016-09-02</subfield>
    <subfield code="y">BKS</subfield>
  </datafield>
  <datafield tag="952" ind1=" " ind2=" ">
    <subfield code="a">0001</subfield>
    <subfield code="b">0001</subfield>
    <subfield code="d">2016-09-02</subfield>
    <subfield code="e">2</subfield>
    <subfield code="h">c.2</subfield>
    <subfield code="l">0</subfield>
    <subfield code="o">324.9 1999 &#x130;LLER T95m 2000</subfield>
    <subfield code="p">003593</subfield>
    <subfield code="r">2016-09-02 00:00:00</subfield>
    <subfield code="v">0.00</subfield>
    <subfield code="w">2016-09-02</subfield>
    <subfield code="y">BKS</subfield>
  </datafield>
  <datafield tag="952" ind1=" " ind2=" ">
    <subfield code="a">0001</subfield>
    <subfield code="b">0001</subfield>
    <subfield code="d">2016-09-02</subfield>
    <subfield code="e">2</subfield>
    <subfield code="h">c.3</subfield>
    <subfield code="l">0</subfield>
    <subfield code="o">324.9 1999 &#x130;LLER T95m 2000</subfield>
    <subfield code="p">003594</subfield>
    <subfield code="r">2016-09-02 00:00:00</subfield>
    <subfield code="t">k.2</subfield>
    <subfield code="v">0.00</subfield>
    <subfield code="w">2016-09-02</subfield>
    <subfield code="y">BKS</subfield>
  </datafield>
  <datafield tag="952" ind1=" " ind2=" ">
    <subfield code="a">0001</subfield>
    <subfield code="b">0001</subfield>
    <subfield code="d">2016-09-02</subfield>
    <subfield code="e">2</subfield>
    <subfield code="h">c.3</subfield>
    <subfield code="l">0</subfield>
    <subfield code="o">324.9 1999 &#x130;LLER T95m 2000</subfield>
    <subfield code="p">003595</subfield>
    <subfield code="r">2016-09-02 00:00:00</subfield>
    <subfield code="v">0.00</subfield>
    <subfield code="w">2016-09-02</subfield>
    <subfield code="y">BKS</subfield>
  </datafield>
  <datafield tag="952" ind1=" " ind2=" ">
    <subfield code="a">0001</subfield>
    <subfield code="b">0001</subfield>
    <subfield code="d">2016-09-02</subfield>
    <subfield code="e">2</subfield>
    <subfield code="h">c.4</subfield>
    <subfield code="l">0</subfield>
    <subfield code="o">324.9 1999 &#x130;LLER T95m 2000</subfield>
    <subfield code="p">003596</subfield>
    <subfield code="r">2016-09-02 00:00:00</subfield>
    <subfield code="t">k.2</subfield>
    <subfield code="v">0.00</subfield>
    <subfield code="w">2016-09-02</subfield>
    <subfield code="y">BKS</subfield>
  </datafield>
  <datafield tag="952" ind1=" " ind2=" ">
    <subfield code="a">0001</subfield>
    <subfield code="b">0001</subfield>
    <subfield code="d">2016-09-02</subfield>
    <subfield code="e">2</subfield>
    <subfield code="h">c.4</subfield>
    <subfield code="l">0</subfield>
    <subfield code="o">324.9 1999 &#x130;LLER T95m 2000</subfield>
    <subfield code="p">003597</subfield>
    <subfield code="r">2016-09-02 00:00:00</subfield>
    <subfield code="v">0.00</subfield>
    <subfield code="w">2016-09-02</subfield>
    <subfield code="y">BKS</subfield>
  </datafield>
  <datafield tag="952" ind1=" " ind2=" ">
    <subfield code="a">0001</subfield>
    <subfield code="b">0001</subfield>
    <subfield code="d">2016-09-02</subfield>
    <subfield code="e">2</subfield>
    <subfield code="h">c.5</subfield>
    <subfield code="l">0</subfield>
    <subfield code="o">324.9 1999 &#x130;LLER T95m 2000</subfield>
    <subfield code="p">003598</subfield>
    <subfield code="r">2016-09-02 00:00:00</subfield>
    <subfield code="t">k.2</subfield>
    <subfield code="v">0.00</subfield>
    <subfield code="w">2016-09-02</subfield>
    <subfield code="y">BKS</subfield>
  </datafield>
  <datafield tag="952" ind1=" " ind2=" ">
    <subfield code="a">0001</subfield>
    <subfield code="b">0001</subfield>
    <subfield code="d">2016-09-02</subfield>
    <subfield code="e">2</subfield>
    <subfield code="h">c.5</subfield>
    <subfield code="l">0</subfield>
    <subfield code="o">324.9 1999 &#x130;LLER T95m 2000</subfield>
    <subfield code="p">003599</subfield>
    <subfield code="r">2016-09-02 00:00:00</subfield>
    <subfield code="v">0.00</subfield>
    <subfield code="w">2016-09-02</subfield>
    <subfield code="y">BKS</subfield>
  </datafield>
  <datafield tag="952" ind1=" " ind2=" ">
    <subfield code="a">0001</subfield>
    <subfield code="b">0001</subfield>
    <subfield code="d">2016-09-02</subfield>
    <subfield code="e">2</subfield>
    <subfield code="h">c.6</subfield>
    <subfield code="l">0</subfield>
    <subfield code="o">324.9 1999 &#x130;LLER T95m 2000</subfield>
    <subfield code="p">003600</subfield>
    <subfield code="r">2016-09-02 00:00:00</subfield>
    <subfield code="t">k.2</subfield>
    <subfield code="v">0.00</subfield>
    <subfield code="w">2016-09-02</subfield>
    <subfield code="y">BKS</subfield>
  </datafield>
  <datafield tag="952" ind1=" " ind2=" ">
    <subfield code="a">0001</subfield>
    <subfield code="b">0001</subfield>
    <subfield code="d">2016-09-02</subfield>
    <subfield code="e">2</subfield>
    <subfield code="h">c.6</subfield>
    <subfield code="l">0</subfield>
    <subfield code="o">324.9 1999 &#x130;LLER T95m 2000</subfield>
    <subfield code="p">003601</subfield>
    <subfield code="r">2016-09-02 00:00:00</subfield>
    <subfield code="v">0.00</subfield>
    <subfield code="w">2016-09-02</subfield>
    <subfield code="y">BKS</subfield>
  </datafield>
  <datafield tag="952" ind1=" " ind2=" ">
    <subfield code="a">0001</subfield>
    <subfield code="b">0001</subfield>
    <subfield code="d">2016-09-02</subfield>
    <subfield code="e">2</subfield>
    <subfield code="h">c.7</subfield>
    <subfield code="l">0</subfield>
    <subfield code="o">324.9 1999 &#x130;LLER T95m 2000</subfield>
    <subfield code="p">003602</subfield>
    <subfield code="r">2016-09-02 00:00:00</subfield>
    <subfield code="t">k.2</subfield>
    <subfield code="v">0.00</subfield>
    <subfield code="w">2016-09-02</subfield>
    <subfield code="y">BKS</subfield>
  </datafield>
  <datafield tag="952" ind1=" " ind2=" ">
    <subfield code="a">0001</subfield>
    <subfield code="b">0001</subfield>
    <subfield code="d">2016-09-02</subfield>
    <subfield code="e">2</subfield>
    <subfield code="h">c.7</subfield>
    <subfield code="l">0</subfield>
    <subfield code="o">324.9 1999 &#x130;LLER T95m 2000</subfield>
    <subfield code="p">003603</subfield>
    <subfield code="r">2016-09-02 00:00:00</subfield>
    <subfield code="v">0.00</subfield>
    <subfield code="w">2016-09-02</subfield>
    <subfield code="y">BKS</subfield>
  </datafield>
  <datafield tag="952" ind1=" " ind2=" ">
    <subfield code="a">0001</subfield>
    <subfield code="b">0001</subfield>
    <subfield code="d">2016-09-02</subfield>
    <subfield code="e">2</subfield>
    <subfield code="h">c.8</subfield>
    <subfield code="l">0</subfield>
    <subfield code="o">324.9 1999 &#x130;LLER T95m 2000</subfield>
    <subfield code="p">003604</subfield>
    <subfield code="r">2016-09-02 00:00:00</subfield>
    <subfield code="t">k.2</subfield>
    <subfield code="v">0.00</subfield>
    <subfield code="w">2016-09-02</subfield>
    <subfield code="y">BKS</subfield>
  </datafield>
  <datafield tag="999" ind1=" " ind2=" ">
    <subfield code="c">6537</subfield>
    <subfield code="d">6537</subfield>
  </datafield>
</record>
